LEADER 01395nam 2200337 n 450 001 996385813603316 005 20221108062641.0 035 $a(CKB)1000000000606160 035 $a(EEBO)2240903773 035 $a(UnM)99864083 035 $a(EXLCZ)991000000000606160 100 $a19931005d1648 uy | 101 0 $aeng 135 $aurbn||||a|bb| 200 10$aArdua Regni: or, XII. arduous doubts of great concernment to the Kingdome$b[electronic resource] $erequiring a full and speedy resolution : propounded to M. Speaker, and the House of Commons, touching some of their late proceedings against their own suspended, ejected members, and the impeached Lords 210 $a[London $cs.n.]$dPrinted in the yeere 1648 215 $a[2], 10 p 300 $aAnonymous. Attributed to William Prynne. 300 $aAnnotation on Thomason copy: "Feb: 25", "1647"; the 8 in imprint date is crossed out. 300 $aReproduction of the original in the British Library. 330 $aeebo-0018 607 $aGreat Britain$xPolitics and government$y1642-1649$vEarly works to 1800 700 $aPrynne$b William$f1600-1669.$0198500 801 0$bCu-RivES 801 1$bCu-RivES 801 2$bCStRLIN 801 2$bWaOLN 906 $aBOOK 912 $a996385813603316 996 $aArdua Regni: or, XII. arduous doubts of great concernment to the Kingdome$92305023 997 $aUNISA LEADER 01168nam0 22003011i 450 001 UON00273584 005 20231205103805.135 100 $a20060217d1968 |0itac50 ba 101 $aeng 102 $aGB 105 $a|||| 1|||| 200 1 $aByzantine Art$fD.Talbot Rice 205 $aRevised and expanded 210 $aHarmondsworth$cPenguin Books$d1968 215 $a580 p.$cill.$d19 cm 410 1$1001UON00065919$12001 $aPelican Books$1210 $aHarmondsworth [etc.]$cPenguin Books$vA287 606 $aArte Bizantina$3UONC001822$2FI 620 $aGB$dHarmondsworth$3UONL000315 686 $aVOC IX A$cVICINO ORIENTE CLASSICO - ARTI - STORIA$2A 700 1$aRICE$bDavid Talbot$3UONV018277$0191398 712 $aPenguin Books$3UONV246450$4650 790 1$aTALBOT RICE, David$zRICE, David Talbot$3UONV018278 801 $aIT$bSOL$c20250523$gRICA 899 $aSIBA - SISTEMA BIBLIOTECARIO DI ATENEO$2UONSI 912 $aUON00273584 950 $aSIBA - SISTEMA BIBLIOTECARIO DI ATENEO$dSI VOC IX A 020 $eSI ARC667 7 020 996 $aByzantine art$9283285 997 $aUNIOR